Văn hóa ẩm thực dân tộc Dao Tiền tỉnh Hòa Bình Chấu nhận hốp piên hùng miền
Giới thiệu sơ lược về các nhánh dân tộc Dao nói chung và Dao Tiền Hoà Bình nói riêng. Tìm hiểu sự khác nhau giữa 2 ngành Dao ở tỉnh Hoà Bình. Ẩm thực truyền thống trong các ngày lễ hội, ngày cưới, ngày Tết và giá trị văn hoá ẩm thực của dân tộc Dao Tiền tỉnh Hoà Bình...
保存先:
| 第一著者: | |
|---|---|
| フォーマット: | 図書 |
| 言語: | Vietnamese |
| 出版事項: |
H.
Khoa học xã hội
2015
|
| 主題: | |
| タグ: |
タグ追加
タグなし, このレコードへの初めてのタグを付けませんか!
|
| Thư viện lưu trữ: | Mạng thư viện Đại học Đà Nẵng |
|---|
| LEADER | 01903aam a22004098a 4500 | ||
|---|---|---|---|
| 001 | 000023895 | ||
| 003 | 20348 | ||
| 005 | 20160425150441.0 | ||
| 008 | 160425s2015 viesd | ||
| 020 | |d 2000b | ||
| 041 | 0 | |a vie | |
| 082 | 0 | 4 | |2 23 |a 394.120959719 |b BA-C |
| 100 | 1 | |a Bàn Thị Kim Cúc | |
| 245 | 1 | 0 | |a Văn hóa ẩm thực dân tộc Dao Tiền tỉnh Hòa Bình |b Chấu nhận hốp piên hùng miền |c Bàn Thị Kim Cúc |
| 260 | |a H. |b Khoa học xã hội |c 2015 | ||
| 300 | |a 159 tr. |c 21 cm. | ||
| 500 | |a ĐTTS ghi: Hội Văn nghệ dân gian Việt Nam | ||
| 520 | |a Giới thiệu sơ lược về các nhánh dân tộc Dao nói chung và Dao Tiền Hoà Bình nói riêng. Tìm hiểu sự khác nhau giữa 2 ngành Dao ở tỉnh Hoà Bình. Ẩm thực truyền thống trong các ngày lễ hội, ngày cưới, ngày Tết và giá trị văn hoá ẩm thực của dân tộc Dao Tiền tỉnh Hoà Bình | ||
| 610 | |2 7 | ||
| 650 | 0 | 4 | |a Văn hóa ẩm thực |x Dân tộc Dao |z Hòa Bình |
| 650 | 7 | |2 Bộ TK TVQG | |
| 650 | 7 | |2 Bộ TK TVQG | |
| 651 | 7 | |2 Bộ TK TVQG |a Hoà Bình | |
| 653 | |a Văn hóa ẩm thực | ||
| 653 | |a Dân tộc Dao Tiền | ||
| OWN | |a LSP | ||
| AVA | |a UDN50 |b LNN |d 895.922 BA-C |e available |t Error 5001 Not defined in file expand_doc_bib_avail. |f 1 |g 0 |h N |i 0 | ||
| AVA | |a UDN50 |b LSP |d 394.120959719 BA-C |e available |t Error 5001 Not defined in file expand_doc_bib_avail. |f 1 |g 0 |h N |i 0 |k 1 | ||
| 999 | |a From the UDN01 | ||
| AVA | |a UDN50 |b LNN |d 895.922 BA-C |e available |t Error 5001 Not defined in file expand_doc_bib_avail. |f 1 |g 0 |h N |i 0 | ||
| AVA | |a UDN50 |b LSP |d 394.120959719 BA-C |e available |t Error 5001 Not defined in file expand_doc_bib_avail. |f 1 |g 0 |h N |i 0 |k 1 | ||
| TYP | |a Monograph | ||
| TYP | |a Printed language | ||
| 980 | |a Mạng thư viện Đại học Đà Nẵng | ||